| 000 -LEADER |
| fixed length control field |
00933cam a2200265 i 4500 |
| 005 - DATE AND TIME OF LATEST TRANSACTION |
| control field |
20200309093444.0 |
| 008 - FIXED-LENGTH DATA ELEMENTS--GENERAL INFORMATION |
| fixed length control field |
170719t20172017ii b b 001 0 eng |
| 010 ## - LIBRARY OF CONGRESS CONTROL NUMBER |
| LC control number |
2017325426 |
| 020 ## - INTERNATIONAL STANDARD BOOK NUMBER |
| International Standard Book Number |
9788131608364 |
| 025 ## - OVERSEAS ACQUISITION NUMBER |
| Overseas acquisition number |
I-E-2017325426; 85-14 |
| 037 ## - SOURCE OF ACQUISITION |
| Source of stock number/acquisition |
Library of Congress -- New Delhi Overseas Office |
| 042 ## - AUTHENTICATION CODE |
| Authentication code |
lcode |
| -- |
pcc |
| 043 ## - GEOGRAPHIC AREA CODE |
| Geographic area code |
a-ii--- |
| 050 00 - LIBRARY OF CONGRESS CALL NUMBER |
| Classification number |
HD1333.I42 |
| Item number |
A643 2017 |
| 082 ## - DEWEY DECIMAL CLASSIFICATION NUMBER |
| Edition number |
23rd ed. |
| Classification number |
333.3209 |
| Item number |
TRI |
| 100 1# - MAIN ENTRY--PERSONAL NAME |
| Personal name |
Trinadha Rao, P. |
| Relator term |
author. |
| 245 10 - TITLE STATEMENT |
| Title |
Tribal land question : |
| Remainder of title |
case of Andhra Pradesh / |
| Statement of responsibility, etc |
Palla Trinadha Rao. |
| 300 ## - PHYSICAL DESCRIPTION |
| Extent |
xxi, 256 pages : |
| Other physical details |
maps ; |
| Dimensions |
22 cm |
| 504 ## - BIBLIOGRAPHY, ETC. NOTE |
| Bibliography, etc |
Includes bibliographical references (pages 243-252) and index. |
| 650 #0 - SUBJECT ADDED ENTRY--TOPICAL TERM |
| Topical term or geographic name as entry element |
Land tenure |
| Geographic subdivision |
India |
| -- |
Andhra Pradesh. |
| 650 #0 - SUBJECT ADDED ENTRY--TOPICAL TERM |
| Topical term or geographic name as entry element |
Tribes |
| Geographic subdivision |
India |
| General subdivision |
Government policy |
| Geographic subdivision |
Andhra Pradesh. |
| 906 ## - LOCAL DATA ELEMENT F, LDF (RLIN) |
| a |
7 |
| b |
cbc |
| c |
origode |
| d |
3 |
| e |
ncip |
| f |
20 |
| g |
y-gencatlg |
| 942 ## - ADDED ENTRY ELEMENTS (KOHA) |
| Source of classification or shelving scheme |
|
| 955 ## - COPY-LEVEL INFORMATION (RLIN) |
| Book number/undivided call number, CCAL (RLIN) |
wd49 2017-07-19 |
| Copy status, CST (RLIN) |
wd34 2017-08-29 to CALM |